000 00932cab a2200265 4500
001 ABS46066
008 090401t1992 xxu||||| |||| 00| 0 eng d
035 _a(Sirsi) u56670
041 _aeng
100 _aBowsher, M.
245 _aEuropean angle
260 _c1992
350 _a0
490 _aConstruction Industry Law Letter
_vFebruary 1992, 736-738(3)
520 _aHighlights issues of interest to the construction industry in the movement toward integration as a single European market, harmonising national laws with Community Law including a Building Liability Directive, competition, free movement of goods, Health and Safety and procurement.
650 _aCOMMUNITY LAW
650 _aCOMPETITION
650 _aCONSTRUCTION INDUSTRY
650 _aEC DIRECTIVES
650 _aHEALTH AND SAFETY
_96244
650 _aProcurement-old
690 _aEUROPE-SINGLE MARKET
942 _n0
948 _c04/03/1997
999 _c34586
_d34586